00712nam a22002057a 450000500170000001000150001702000260003203500130005803700130007108200150008410000150009924500450011426000420015927000720020130000260027350000190029994200290031899900170034795201420036420140908103947.0 aENG-110766 a9788183875783c695.00 aEN-94298 bDBAD/PUB a341.480954 aPal, Jagat aHuman rights in justice /c by Jagat Pal aNew DelhibSerials Publicationsc2013 a4830/24, Prahlad street, Ansari Road, Darya GanjbNew Delhie110002 aviii,191p. c22cm(Hb) aIncludes index 2ddccENh341.480954mPAL c88365d88365 001040718NFICaDBADbDBADd2014-09-05eDBAD / PUBg695.00l0o341.480954 PALpEN-94298r2014-09-05 00:00:00t1v695.00w2014-09-05yEN